Guide to igneous complexes in the region of geological survey training area of Siberian educational establishments (Eastern Kuznetsk Alatau slope)

Dades bibliogràfiques
Autor principal: Vasilyev B. D. Boris Dmitrievich
Altres autors: Ananyev Yu. S. Yuri Sergeyevich, Falk A. Yu. Alla Yurievna
Sumari:The given guide provides a description of igneous complexes in educational geological survey training region for students of Tomsk Polytechnic University, Tomsk and Novosibirsk State Universities, Krasnoyarsk University of Non-ferrous Metals and Gold. The Riphean, Paleozoic and Mesozoic igneous complexes of Kuznetsk Alatau, Batenevsk Mountain Range and southwestern Tchebakovo-Balakhtinsk basin in Minusinsk intermountain trough. The guide is designed for lecturers, researchers, postgraduates, and students in different geological specialties who are interested in Northern Khakassia magmatites.
Idioma:anglès
Publicat: Tomsk, TPU Publishing House, 2006
Matèries:
Format: MixedMaterials Llibre
KOHA link:https://koha.lib.tpu.ru/cgi-bin/koha/opac-detail.pl?biblionumber=257206

MARC

LEADER 00000nam0a2200000 4500
001 257206
005 20231220124938.0
035 |a (RuTPU)RU\TPU\book\279980 
090 |a 257206 
100 |a 20140415d2006 m y0engy50 ba 
101 0 |a eng 
102 |a RU 
105 |a a j 000zy 
200 1 |a Guide to igneous complexes in the region of geological survey training area of Siberian educational establishments (Eastern Kuznetsk Alatau slope)  |f B. D. Vasilyev, Y. S. Ananyev, A. Y. Falk 
210 |a Tomsk  |c TPU Publishing House  |d 2006 
215 |a 35 p.  |c il. 
330 |a The given guide provides a description of igneous complexes in educational geological survey training region for students of Tomsk Polytechnic University, Tomsk and Novosibirsk State Universities, Krasnoyarsk University of Non-ferrous Metals and Gold. The Riphean, Paleozoic and Mesozoic igneous complexes of Kuznetsk Alatau, Batenevsk Mountain Range and southwestern Tchebakovo-Balakhtinsk basin in Minusinsk intermountain trough. The guide is designed for lecturers, researchers, postgraduates, and students in different geological specialties who are interested in Northern Khakassia magmatites. 
606 1 |a Геологические формации, магматические  |2 stltpush  |3 (RuTPU)RU\TPU\subj\6087  |9 34047 
610 1 |a петрография 
610 1 |a петрографо-минералогические исследования 
610 1 |a геологические практики 
610 1 |a проведение 
610 1 |a Кузнецкий Алатау 
610 1 |a английский язык 
610 1 |a учебные пособия 
610 1 |a труды учёных ТПУ 
675 |a 552.3(076.5)  |v 3 
700 1 |a Vasilyev  |b B. D.  |c geologist  |c Associate Professor of Tomsk Polytechnic University, Candidate of geological and mineralogical  |c Honorary geologist of the Russian Federation  |f 1932-  |g Boris Dmitrievich  |3 (RuTPU)RU\TPU\pers\31038 
701 1 |a Ananyev  |b Yu. S.  |c Russian geologist  |c Associate Professor of Tomsk Polytechnic University, Candidate of Geological and Mineralogical Sciences  |f 1966-  |g Yuri Sergeyevich  |3 (RuTPU)RU\TPU\pers\29550  |9 14086 
701 1 |a Falk  |b A. Yu.  |c geologist  |c Associate Professor of Tomsk Polytechnic University, Candidate of geological and mineralogical science  |f 1977-  |g Alla Yurievna  |3 (RuTPU)RU\TPU\pers\31039 
801 1 |a RU  |b 63413507  |c 20140415 
801 2 |a RU  |b 63413507  |c 20160226  |g RCR 
942 |c BK